Pokémon - Les attaques de Zébibron - Statistiques

Statistiques générales
  • Ce quiz a été pris 14 fois
  • Le résultat moyen est 10 sur 13
Statistiques - réponses
Niveaux Types Noms des attaques % Correct
Niveau 18 Feu Nitrocharge
91%
Départ Normal Vive-Attaque
91%
Niveau 15 Électrique Cage-Éclair
82%
Niveau 8 Électrique Chargeur
82%
Niveau 29 Normal Écrasement
82%
Niveau 25 Électrique Étincelle
82%
Niveau 36 Psy Hâte
82%
Niveau 39 Électrique Éclair Fou
73%
Niveau 4 Normal Mimi-Queue
73%
Niveau 11 Électrique Onde de Choc
73%
Niveau 32 Électrique Coup d'Jus
64%
Niveau 22 Ténèbres Poursuite
45%
Niveau 43 Normal Mania
36%
Aucun quiz correspondant
Distribution des résultats
% des personnes avec chaque résultat
Percentile par nombre de réponses
Votre historique - résultats
Vous n’avez pas pris ce quiz